000 01542cam a2200349 a 4500
001 13831155
005 20240314105530.0
008 050105s2005 nyu 001 p eng
010 _a 2004030739
020 _a0814767168 (cloth : alk. paper)
020 _a9780814767160 (pbk)
041 1 _aeng
_asan
_asan
082 0 0 _a294.5
_222
100 0 _aVālmīki.
240 _aRāmāyaṇa.
_hAyodhyakanda
_lEnglish & Sanskrit
245 1 0 _aRāmāyaṇa.
_nBook two,
_pAyodhyā /
_cby Valmíki ; translated by Sheldon I. Pollock.
246 3 0 _aAyodhyā
246 1 8 _aRamáyana.
_nII,
_pAyódhya
260 _aNew York :
_bNew York University Press :
_bJJC Foundation,
_c2005.
300 _axxxi, 599 p. ;
_c17 cm.
365 _bRs. 7597.00 Set of 5 volumes
440 4 _aThe Clay Sanskrit library
500 _aEpic poetry.
500 _aOriginally published as v. 2 of: The Rāmāyaṇa of Vālmīki : an epic of ancient India / introduction, translation and annotation by Sheldon I. Pollock ; edited by Robert P. Goldman. Princeton, 1986.
500 _aIncludes index.
546 _aIn English and Sanskrit
_b(romanized) on facing pages; translated from Sanskrit.
700 1 _aPollock, Sheldon I.
856 4 1 _3Table of contents
_uhttp://www.loc.gov/catdir/toc/ecip055/2004030739.html
856 4 2 _3Publisher description
_uhttp://www.loc.gov/catdir/enhancements/fy0730/2004030739-d.html
856 4 2 _3Contributor biographical information
_uhttp://www.loc.gov/catdir/enhancements/fy0808/2004030739-b.html
942 _2ddc
_cBK
999 _c212423
_d212423